All 2024 Olympic Medalists: Canoeing - Statistics

General Stats
  • This quiz has been taken 3 times
  • The average score is 14 of 80
Answer Stats
Event Medal Nationality/Team Medalist % Correct
K-1 1000m Sprint Men's Silver Hungary Adam Varga
100%
K-1 1000m Sprint Men's Bronze Hungary Balint Kopasz
100%
K-1 500m Sprint Women's Gold New Zealand Lisa Carrington
100%
K-2 500m Sprint Women's Gold New Zealand Lisa Carrington
100%
K-4 500m Sprint Women's Gold New Zealand Lisa Carrington
100%
K-2 500m Sprint Women's Silver Hungary Alida Dora Gazso
50%
K-4 500m Sprint Women's Bronze Hungary Alida Dora Gazso
50%
K-1 500m Sprint Women's Bronze Denmark Emma Jorgensen
50%
K-2 500m Sprint Men's Gold Germany Jacob Schopf
50%
K-4 500m Sprint Men's Gold Germany Jacob Schopf
50%
K-2 500m Sprint Men's Bronze Australia Jean va der Westhuyzen
50%
K-1 1000m Sprint Men's Gold Czechia Josef Dostal
50%
K-2 500m Sprint Men's Gold Germany Max Lemke
50%
K-4 500m Sprint Men's Gold Germany Max Lemke
50%
K-2 500m Sprint Women's Bronze Hungary Noemi Pupp
50%
K-4 500m Sprint Women's Bronze Hungary Noemi Pupp
50%
K-4 500m Sprint Men's Silver Australia Pierre van der Westhuyzen
50%
K-2 500m Sprint Men's Silver Hungary Sandor Totka
50%
K-1 500m Sprint Women's Silver Hungary Tamara Csipes
50%
K-2 500m Sprint Women's Silver Hungary Tamara Csipes
50%
K-4 500m Sprint Women's Bronze Hungary Tamara Csipes
50%
K-2 500m Sprint Men's Bronze Australia Thomas Green
50%
C-1 Men's Silver Great Britain Adam Burgess
0%
K-2 500m Sprint Women's Gold New Zealand Alicia Hoskin
0%
K-4 500m Sprint Women's Gold New Zealand Alicia Hoskin
0%
C-2 500m Sprint Women's Silver Ukraine Anastasiia Rybachok
0%
Kayak Cross Women's Silver France Angele Hug
0%
K-2 500m Sprint Men's Silver Hungary Bence Nadas
0%
K-4 500m Sprint Men's Bronze Spain Carlos Arevalo
0%
C-2 500m Sprint Men's Silver Italy Carlo Tacchini
0%
C-2 500m Sprint Men's Bronze Spain Diego Dominguez
0%
C-1 Women's Silver Germany Elena Lilik
0%
C-1 Women's Bronze USA Evy Leibfarth
0%
Kayak Cross Men's Gold New Zealand Finn Butcher
0%
C-2 500m Sprint Men's Silver Italy Gabriele Casadei
0%
K-1 Men's Gold Italy Giovanni De Gennaro
0%
C-1 1000m Sprint Men's Silver Brazil Isaquias Queiroz
0%
K-4 500m Sprint Men's Silver Australia Jackson Collins
0%
C-1 Women's Gold Australia Jessica Fox
0%
K-1 Women's Gold Australia Jessica Fox
0%
C-2 500m Sprint Men's Gold China Ji Bowen
0%
C-2 500m Sprint Men's Bronze Spain Joan Antoni Moreno
0%
Kayak Cross Men's Silver Great Britain Joe Clarke
0%
K-2 500m Sprint Women's Bronze Germany Jule Hake
0%
K-4 500m Sprint Women's Silver Germany Jule Hake
0%
C-1 200m Sprint Women's Gold Canada Katie Vincent
0%
C-2 500m Sprint Women's Bronze Canada Katie Vincent
0%
K-1 Women's Bronze Great Britain Kimberley Woods
0%
Kayak Cross Women's Bronze Great Britain Kimberley Woods
0%
K-1 Women's Silver Poland Klaudia Zwolinska
0%
C-2 500m Sprint Women's Silver Ukraine Liudmyla Luzan
0%
C-2 500m Sprint Men's Gold China Liu Hao
0%
K-4 500m Sprint Men's Bronze Spain Marcus Cooper Walz
0%
C-1 1000m Sprint Men's Gold Czechia Martin Fuksa
0%
C-1 Men's Bronze Slovakia Matej Benus
0%
K-4 500m Sprint Men's Gold Germany Max Rendschmidt
0%
C-1 200m Sprint Women's Silver USA Nevin Harrison
0%
C-1 Men's Gold France Nicolas Gestin
0%
K-4 500m Sprint Men's Silver Australia Noah Havard
0%
Kayak Cross Men's Bronze Germany Noah Hegge
0%
Kayak Cross Women's Gold Australia Noemie Fox
0%
K-4 500m Sprint Women's Gold New Zealand Olivia Brett
0%
K-1 Men's Bronze Spain Pau Echaniz
0%
K-2 500m Sprint Women's Bronze Germany Paulina Paszek
0%
K-4 500m Sprint Women's Silver Germany Paulina Paszek
0%
K-4 500m Sprint Women's Silver Germany Pauline Jagsch
0%
K-4 500m Sprint Men's Silver Australia Riley Fitzsimmons
0%
K-4 500m Sprint Men's Bronze Spain Rodrigo Germade
0%
K-2 500m Sprint Women's Bronze Hungary Sara Fojt
0%
K-4 500m Sprint Women's Bronze Hungary Sara Fojt
0%
K-4 500m Sprint Women's Silver Germany Sarah Brussler
0%
K-4 500m Sprint Men's Bronze Spain Saul Craviotto
0%
C-1 1000m Sprint Men's Bronze Moldova Serghei Tarnovschi
0%
C-2 500m Sprint Women's Bronze Canada Sloan MacKenzie
0%
C-2 500m Sprint Women's Gold China Sun Mengya
0%
K-4 500m Sprint Women's Gold New Zealand Tara Vaughan
0%
K-1 Men's Silver France Titouan Castryck
0%
K-4 500m Sprint Men's Gold Germany Tom Liebscher
0%
C-2 500m Sprint Women's Gold China Xu Shixiao
0%
C-1 200m Sprint Women's Bronze Cuba Yarisleidis Cirilo
0%
No matching quizzes found
Score Distribution
Percent of People with Each Score
Percentile by Number Answered
Your Score History
You have not taken this quiz